Business Correspondence (Record no. 8328)

MARC details
000 -LEADER
fixed length control field 00655nam a22002297i 4500
003 - CONTROL NUMBER IDENTIFIER
control field URS
005 - DATE AND TIME OF LATEST TRANSACTION
control field 20220114153234.0
008 - FIXED-LENGTH DATA ELEMENTS--GENERAL INFORMATION
fixed length control field 170824b xxu||||| |||| 00| 0 eng d
020 ## - INTERNATIONAL STANDARD BOOK NUMBER
International Standard Book Number 9712328449
040 ## - CATALOGING SOURCE
Description conventions rda
Transcribing agency URSP-College Library
Language of cataloging eng
050 ## - LIBRARY OF CONGRESS CALL NUMBER
Item number 411 B23 2000
100 1# - MAIN ENTRY--PERSONAL NAME
Personal name Baraceros, Esther L.
245 ## - TITLE STATEMENT
Title Business Correspondence
Statement of responsibility, etc. Esther L. Baraceros
264 #1 - PRODUCTION, PUBLICATION, DISTRIBUTION, MANUFACTURE, AND COPYRIGHT NOTICE
Place of production, publication, distribution, manufacture Manila
Name of producer, publisher, distributor, manufacturer Rex Book Store
Date of production, publication, distribution, manufacture, or copyright notice 2000.
300 ## - PHYSICAL DESCRIPTION
Extent vii, 170pages
Dimensions 22cm.
336 ## - CONTENT TYPE
Content type term text
Content type code txt
Source rdacontent
337 ## - MEDIA TYPE
Media type term unmediated
Media type code n
Source rdamedia
338 ## - CARRIER TYPE
Carrier type term volume
Carrier type code nc
Source rdacarrier
500 ## - GENERAL NOTE
General note Includes bibliography
650 #0 - SUBJECT ADDED ENTRY--TOPICAL TERM
Topical term or geographic name entry element business-correspondence.
942 ## - ADDED ENTRY ELEMENTS (KOHA)
Source of classification or shelving scheme Library of Congress Classification
Koha item type Filipiniana
Holdings
Withdrawn status Source of classification or shelving scheme Damaged status Not for loan Collection code Home library Current library Shelving location Date acquired Total Checkouts Full call number Barcode Date last seen Copy number Price effective from Koha item type Total Renewals Date last checked out
  Library of Congress Classification     Non-fiction Pililla College Library Pililla College Library General Stacks 08/24/2017   411 B23 2000 URSPIL-738 05/31/2019 1 08/24/2017 Filipiniana    
  Library of Congress Classification     Non-fiction Pililla College Library Pililla College Library General Stacks 08/24/2017   411 B23 2000 URSPIL-739 05/31/2019 2 08/24/2017 Filipiniana    
  Library of Congress Classification     Non-fiction Pililla College Library Pililla College Library General Stacks 08/24/2017   411 B23 2000 URSPIL-740 05/31/2019 3 08/24/2017 Filipiniana    
  Library of Congress Classification     Non-fiction Pililla College Library Pililla College Library General Stacks 08/24/2017   411 B23 2000 URSPIL-741 05/31/2019 4 08/24/2017 Filipiniana    
  Library of Congress Classification     Non-fiction Pililla College Library Pililla College Library General Stacks 08/24/2017   411 B23 2000 URSPIL-742 05/31/2019 5 08/24/2017 Filipiniana    
  Library of Congress Classification     Non-fiction Pililla College Library Pililla College Library General Stacks 08/24/2017   411 B23 2000 URSPIL-744 05/31/2019 7 08/24/2017 Filipiniana    
  Library of Congress Classification     Non-fiction Pililla College Library Pililla College Library General Stacks 08/24/2017   411 B23 2000 URSPIL-3216 05/31/2019 8 08/24/2017 Filipiniana    
  Library of Congress Classification     Non-fiction Pililla College Library Pililla College Library General Stacks 08/24/2017   411 B23 2000 URSPIL-3217 05/31/2019 9 08/24/2017 Filipiniana    
  Library of Congress Classification     Non-fiction Pililla College Library Pililla College Library General Stacks 01/20/2018   411 B23 2000 URSPIL-743 05/31/2019 6 01/20/2018 Filipiniana    
  Library of Congress Classification     Non-fiction Tanay College Library Tanay College Library Filipiniana Section 02/25/2015 1 PE1115 .B2307 2000 URSTAN-D212 01/21/2020   02/25/2015 Reserved Books 1 01/10/2020
  Library of Congress Classification     Non-fiction Tanay College Library Tanay College Library Filipiniana Section 05/03/2018   PE 1115 B2307 2000 URSTAN-N3846 05/03/2018   05/03/2018 Filipiniana    

University of Rizal System
Email us at univlibservices@urs.edu.ph

Visit our Website www.urs.edu.ph/library